| 000 | 00596nam a22001817a 4500 | ||
|---|---|---|---|
| 003 | 0 | ||
| 005 | 20250415150125.0 | ||
| 008 | 220727b xxu||||| |||| 00| 0 eng d | ||
| 020 | _a978-981-48-7802-9 | ||
| 050 |
_aHD 30.28 _b.H58 2020 |
||
| 245 |
_aStrategic management: competitiveness and globalization: concepts and cases _cMichael A. Hitt; R. Duane Ireland; Robert E. Hoskisson |
||
| 250 | _a12th ed. | ||
| 260 |
_aAustralia _bCengage _c2020 |
||
| 300 |
_axxiii, 442pp. _c26cm. _eIncludes index. _fBook |
||
| 500 | _aStrategic planning. | ||
| 500 | _aIndustrial management. | ||
| 942 |
_2lcc _cBK |
||
| 999 |
_c364756 _d364756 |
||